Teoría y práctica del derecho internacional público. El Estado como sujeto de derecho internacional

Uloženo v:
Podrobná bibliografie
Hlavní autor: Llanos Mansilla, Hugo (autor)
Médium: Kniha
Jazyk:angličtina
Vydáno: Santiago, Chile: Jurídica, 2007
Vydání:Tercera edición actualizada
Témata:
Tagy: Přidat tag
Žádné tagy, Buďte první, kdo vytvoří štítek k tomuto záznamu!

MARC

LEADER 00000nam a22000007a 4500
003 CL-VaPUC
005 20250327145401.0
008 250327t2007 ||||| |||| 00| 0 eng d
999 |c 447712  |d 447710 
020 |a 956-10-1741-5 (t.II, v.1) 
040 |c Pontificia Universidad Católica de Valparaíso 
082 0 4 |2 21  |a 341.01 LLA 2007 
100 1 |a  Llanos Mansilla, Hugo  |e autor  |9 897668 
245 1 |a Teoría y práctica del derecho internacional público.  |b El Estado como sujeto de derecho internacional 
250 |a Tercera edición actualizada 
260 |a Santiago, Chile:  |b Jurídica,  |c 2007 
300 |a Tomo II; volumen 1. 
583 |c 20250327  |k Valeria Valenzuela 
650 1 |a Derecho internacional público  |9 897669 
650 1 |a Fuentes del derecho   |9 255162 
650 1 |a Tratados internacionales  |9 256056 
942 |2 ddc  |c BK 
952 |0 0  |1 0  |4 0  |6 341_010000000000000_LLA_2007  |7 0  |8 A  |9 405952  |a BIBDER  |b BIBDER  |d 2019-11-22  |h t.II, v.1  |i 4373464  |l 1  |o 341.01 LLA 2007  |p 4373464  |r 2024-10-22  |s 2024-10-22  |w 2019-11-22  |y BK  |k DER